Riconosci il Pokémon - Quiz n°56 - Statistics

Statistiche generali
  • Questo quiz è stato fatto 11 volte
  • Il punteggio medio è 10 su 10
Statistiche sulle risposte
Indizio Risposta % Corretto
Peso 320,0 kg
100%
Altezza 3,2 m
100%
Abilità Multitipo
100%
Tipo Normale
100%
Generazione Quarta
100%
Sesso Sconosciuto
100%
Tasso di cattura 3 (1.6%)
91%
Tasso di allevamento Lento
91%
Stadio evoluzione Non si evolve
91%
Pokémon Arceus
82%
Nessun quiz corrispondente trovato
Distribuzione punteggi
Percentuale di utenti per punteggio
Percentile per numero di risposta
I tuoi punteggi nel tempo
Non hai fatto questo quiz